000 00658cam a22001814a 4500
005 20250605164357.0
008 250528s ||||||||||||||||||||||||d
035 _a24387
040 _aGR-AtMCL
_bgre
_dGR-AtMCL
_eAACR2
245 1 _aAramco World
260 _bAramco Services Company,
_c2015
300 _a48
520 _aAssyria to Iberia, Sea Change Comes to Bagamoyo, The Busbecq Letters, Dubai Melting Pot, Travelers of Al-Andalus - Part II: Abu Hamid Al-Garnati's World of Wonders, Classroom Guide, Suggestions for Reading, Events and Exhibitions.
700 1 _aAbul Hamayel Basil A.
_99456
942 _cCR
999 _c9275
_d9275